10 Largest U.S. States - Statistics

General Stats
  • This quiz has been taken 65 times
  • The average score is 9 of 10
Answer Stats
Area Answer % Correct
163,696 square miles California
100%
268,596 square miles Texas
100%
665,384 square miles Alaska
95%
147,040 square miles Montana
92%
113,990 square miles Arizona
87%
97,813 square miles Wyoming
85%
104,094 square miles Colorado
83%
110,572 square miles Nevada
83%
121,590 square miles New Mexico
82%
98,379 square miles Oregon
78%
No matching quizzes found
Score Distribution
Percent of People with Each Score
Percentile by Number Answered
Your Score History
You have not taken this quiz